000 00490nam a22002057a 4500
999 _c480944
_d480944
003 NUST
005 20180828093247.0
008 180828b ||||| |||| 00| 0 eng d
020 _a0375408738
022 _a0375408738
038 _a0
050 _a813.54
082 _a813.54
100 _aCrichton,Michael.
_912315
245 _aTimeline.
_cMichael Crichton.
260 _aNew York.
_bRandom House.
_c1999.
300 _a755p.
500 _aHard Cover.
942 _2ddc
_cBK
_k813.54